Casebook on contract law / (Record no. 17250)

MARC details
000 -LEADER
fixed length control field 00699cam a22002412 4500
001 - CONTROL NUMBER
control field 0000003414
003 - CONTROL NUMBER IDENTIFIER
control field OSt
005 - DATE AND TIME OF LATEST TRANSACTION
control field 20181009165833.0
008 - FIXED-LENGTH DATA ELEMENTS--GENERAL INFORMATION
fixed length control field 070507s xx 000 0 eng d
020 ## - INTERNATIONAL STANDARD BOOK NUMBER
International Standard Book Number 0199699483 :
040 ## - CATALOGING SOURCE
Original cataloging agency KABU
Transcribing agency KABU
050 #0 - LIBRARY OF CONGRESS CALL NUMBER
Classification number KD1554
Item number .A7P66 2012
100 1# - MAIN ENTRY--PERSONAL NAME
Personal name Poole, Jill.
245 10 - TITLE STATEMENT
Title Casebook on contract law /
Statement of responsibility, etc. Jill Poole.
246 3# - VARYING FORM OF TITLE
Title proper/short title Casebook on contract law
250 ## - EDITION STATEMENT
Edition statement 11th ed.
260 ## - PUBLICATION, DISTRIBUTION, ETC. (IMPRINT)
Place of publication, distribution, etc. Oxford :
Name of publisher, distributor, etc. OUP
Date of publication, distribution, etc. 2012.
300 ## - PHYSICAL DESCRIPTION
Extent xliii, 751 p. ;
650 #0 - SUBJECT ADDED ENTRY--TOPICAL TERM
Topical term or geographic name as entry element Contracts
Geographic subdivision United Kingdom.
908 ## - PUT COMMAND PARAMETER (RLIN)
Put command parameter 070507
942 ## - ADDED ENTRY ELEMENTS (KOHA)
Source of classification or shelving scheme Library of Congress Classification
Koha item type General Collection
Edition 11th
Classification part KD1554
Item part .A7P66 2012
Holdings
Withdrawn status Lost status Source of classification or shelving scheme Not for loan Home library Current library Shelving location Date acquired Cost, normal purchase price Total Checkouts Total Renewals Full call number Barcode Date last seen Date last checked out Copy number Price effective from Koha item type
    Library of Congress Classification   Kabarak, Main Campus Kabarak, Main Campus General Stacks 09/10/2018 6500.00 18 3 KD1554 .A7P66 2012 c. 1 025978 23/08/2024 20/08/2024 c. 1 09/10/2018 General Collection
Designed with assistance from East African Informatics Ltd